Histoire de la République Populaire de Chine (notice n° 1554335)

détails MARC
000 -LEADER
fixed length control field 01455cam a2200289zu 4500
003 - CONTROL NUMBER IDENTIFIER
control field FRCYB88921882
005 - DATE AND TIME OF LATEST TRANSACTION
control field 20251020123451.0
008 - FIXED-LENGTH DATA ELEMENTS--GENERAL INFORMATION
fixed length control field 251020s2018 fr | o|||||0|0|||fre d
020 ## - INTERNATIONAL STANDARD BOOK NUMBER
International Standard Book Number 9782200614881
035 ## - SYSTEM CONTROL NUMBER
System control number FRCYB88921882
040 ## - CATALOGING SOURCE
Original cataloging agency FR-PaCSA
Language of cataloging fr
Transcribing agency
Description conventions rda
100 1# - MAIN ENTRY--PERSONAL NAME
Personal name Roux, Alain
245 01 - TITLE STATEMENT
Title Histoire de la République Populaire de Chine
Remainder of title De Mao Zedong à Xi Jinping
Statement of responsibility, etc. ['Roux, Alain', 'Xiao-Planes, Xiaohong']
264 #1 - PRODUCTION, PUBLICATION, DISTRIBUTION, MANUFACTURE, AND COPYRIGHT NOTICE
Name of producer, publisher, distributor, manufacturer Armand Colin
Date of production, publication, distribution, manufacture, or copyright notice 2018
300 ## - PHYSICAL DESCRIPTION
Extent p.
336 ## - CONTENT TYPE
Content type code txt
Source rdacontent
337 ## - MEDIA TYPE
Media type code c
Source rdamdedia
338 ## - CARRIER TYPE
Carrier type code c
Source rdacarrier
520 ## - SUMMARY, ETC.
Summary, etc. La Chine est aujourd'hui la deuxième puissance économique de la planète. Ce manuel montre le développement spectaculaire de la Chine depuis les années 1980 et présente les spécificités d'un essor qui défie les catégories habituelles de la politique et de l'économie.En se basant sur l'historiographie très riche de ces dernières décennies et en analysant la plus récente actualité de ce pays de plus d'un milliard d'habitants, les auteurs, l'un français et l'autre chinoise, cet ouvrage retrace et éclaire l'histoire de la Chine populaire de l'avènement de Mao à nos jours.
650 #0 - SUBJECT ADDED ENTRY--TOPICAL TERM
Topical term or geographic name entry element
700 0# - ADDED ENTRY--PERSONAL NAME
Personal name Roux, Alain
700 0# - ADDED ENTRY--PERSONAL NAME
Personal name Xiao-Planes, Xiaohong
856 40 - ELECTRONIC LOCATION AND ACCESS
Access method Cyberlibris
Uniform Resource Identifier <a href="https://international.scholarvox.com/netsen/book/88921882">https://international.scholarvox.com/netsen/book/88921882</a>
Electronic format type text/html
Host name

Pas d'exemplaire disponible.

PLUDOC

PLUDOC est la plateforme unique et centralisée de gestion des bibliothèques physiques et numériques de Guinée administré par le CEDUST. Elle est la plus grande base de données de ressources documentaires pour les Étudiants, Enseignants chercheurs et Chercheurs de Guinée.

Adresse

627 919 101/664 919 101

25 boulevard du commerce
Kaloum, Conakry, Guinée

Réseaux sociaux

Powered by Netsen Group @ 2025